Διαχείριση επικινδυνότητας στην παράκτια ζώνη στο πλαίσιο της οδηγίας 96 η περίπτωση του Δήμου Γαζίου Κρήτης : μεταπτυχιακή διατριβή
Αποθηκεύτηκε σε:
| Κύριος συγγραφέας: | |
|---|---|
| Συγγραφή απο Οργανισμό/Αρχή: | |
| Άλλοι συγγραφείς: | |
| Μορφή: | Thesis Βιβλίο |
| Γλώσσα: | Greek |
| Δημοσίευση: |
2006.
|
| Θέματα: | |
| Διαθέσιμο Online: | http://hdl.handle.net/11610/11643 |
| Ετικέτες: |
Προσθήκη ετικέτας
Δεν υπάρχουν, Καταχωρήστε ετικέτα πρώτοι!
|
MARC
| LEADER | 00000cam a2200000 i 4500 | ||
|---|---|---|---|
| 001 | 1/34463 | ||
| 008 | 060918s2006 gr | ||| |||| ||gre|| | ||
| 035 | |l 10085237 | ||
| 040 | |a GR-MyUa |b gre |e AACR2 | ||
| 041 | 0 | |a gre | |
| 082 | 7 | |a 333.91 |2 (22) | |
| 100 | 1 | |a Μυρωνάκης, Γιάννης. | |
| 245 | 1 | 0 | |a Διαχείριση επικινδυνότητας στην παράκτια ζώνη στο πλαίσιο της οδηγίας 96/82 ΕΚ (SEVEZO II) : |b η περίπτωση του Δήμου Γαζίου Κρήτης : μεταπτυχιακή διατριβή / |c του Γιάννη Δ. Μυρωνάκη ; επιβλέπουσα καθηγήτρια: Δρ. Αλεξάνδρα Μέξα. |
| 260 | |c 2006. | ||
| 300 | |a xv, 247 σ. : |b εικ., διαγράμ. ; |c 30 εκ. | ||
| 502 | |a Διατριβή (μεταπτυχιακή) – Πανεπιστήμιο Αιγαίου, Λέσβος, 2006. | ||
| 504 | |a Βιβλιογραφία: σ. 212-219. | ||
| 650 | 0 | |a Coastal zone management |z Greece |z Erakleion (Nome) | |
| 650 | 0 | |a Coastal zone management |x Law and legislation. | |
| 650 | 0 | |a Dissertations, Academic |z Greece. | |
| 700 | 1 | |a Μέξα, Αλεξάνδρα, |e dgsf | |
| 710 | 2 | |a Πανεπιστήμιο Αιγαίου |b Σχολή Περιβάλλοντος |b Τμήμα Επιστημών της Θάλασσας |b Πρόγραμμα Μεταπτυχιακών Σπουδών Διαχείριση Παράκτιων Περιοχών. | |
| 852 | |a INST |b LESVOS |c DIATR |e 20060918 |h 69 |p 005100036635 |q 005100036635 |t MTXE |y 23 | ||
| 852 | |a INST |b LESVOS |c DIATR |e 20060918 |h 70 |p 005100036634 |q 005100036634 |t MTXE |y 23 | ||
| 856 | |u http://hdl.handle.net/11610/11643 | ||
| 901 | |a BIBL1-2007-1 | ||
| 924 | |a ΜΥΡΩΝΑΚΗΣ |b ΓΙΑΝΝΗΣ |y Λέσβος |z 2006-11 | ||
| 970 | |a ΒΑΡΚΑ |b ΕΛΕΥΘΕΡΙΑ |z 2007/01/23 | ||